000 00482nam a2200217Ia 4500
003 0100
008 130307s9999 xx 000 0 und d
020 _a1840460881
040 _cARRUPELIB
050 _aB3279 .H49 C55 1999
100 _aCollins ,Jeff
245 _aIntroducing heidegger
260 _aDuxford
260 _bIcon Books
260 _c1999
300 _a175p.
300 _b21cm.
650 _bPhilosophy of God
700 _aSelina , Howard
942 0 0 _08
999 _c94910
_d94910